000 00889cam a2200349 4500500
005 20260329004943.0
041 _afre
042 _adc
100 1 0 _aEnjalbert, Cédric
_eauthor
245 0 0 _aExpériences limite
260 _c2021.
500 _a2
690 _aAutrui
690 _aAvion
690 _aCouple
690 _aFidélité
690 _aInégalité
690 _aIslam
690 _aLiberté
690 _aNégociation
690 _aPasse sanitaire
690 _aReligion
690 _aResponsabilité
690 _aSexe
690 _aTélétravail
690 _aTravail
690 _aVaccinations
690 _aVoile
690 _aVoyage
786 0 _nPhilosophie magazine | 154 | 11 | 2021-11-01 | p. 31-33 | 1951-1787
856 4 1 _uhttps://shs.cairn.info/magazine-philosophie-magazine-2021-11-page-31?lang=fr&redirect-ssocas=7080
999 _c1838872
_d1838872